000 00363nam a2200121Ia 4500
008 220216s9999 xx 000 0 und d
100 _aUnni R G
245 0 _aReview of the progress of the natural rubber industry in the various rubber producing countries
260 _bRubber Board Bulletin
_c1967
300 _a17-Oct
650 _aRubber industry
942 _cJS
999 _c66963
_d66963